Urbanisation and rural development: a spatial policy for equitable growth (Record no. 352825)

000 -LEADER
fixed length control field 00454cam a22001457a 4500
008 - FIXED-LENGTH DATA ELEMENTS--GENERAL INFORMATION
fixed length control field 180718b1978 xxu||||| |||| 00| 0 eng d
082 ## - DEWEY DECIMAL CLASSIFICATION NUMBER
Classification number B136 r668
100 ## - MAIN ENTRY--PERSONAL NAME
Personal name Rondinelli, Dennis A.
245 ## - TITLE STATEMENT
Title Urbanisation and rural development: a spatial policy for equitable growth
Statement of responsibility, etc. by Dennis A. Rondinelli and K. Ruddle
260 ## - PUBLICATION, DISTRIBUTION, ETC.
Place of publication, distribution, etc. New York
Name of publisher, distributor, etc. Praeger
Date of publication, distribution, etc. 1978
300 ## - PHYSICAL DESCRIPTION
Extent 221p.
650 ## - SUBJECT ADDED ENTRY--TOPICAL TERM
Topical term or geographic name entry element Urbanization
650 ## - SUBJECT ADDED ENTRY--TOPICAL TERM
Topical term or geographic name entry element Rural development
700 ## - ADDED ENTRY--PERSONAL NAME
Personal name Ruddle, K.
Holdings
Withdrawn status Lost status Damaged status Not for loan Permanent Location Current Location Date acquired Full call number Barcode Date last seen Price effective from Koha item type
        Indian Institute of Public Administration Indian Institute of Public Administration 1993-11-25 B136 r668 56026 2018-07-21 2018-07-21 Book

Powered by Koha